| 000 | 00785cab a2200205 4500 | ||
|---|---|---|---|
| 001 | ABS36911 | ||
| 008 | 090401t1986 xxu||||| |||| 00| 0 eng d | ||
| 035 | _a(Sirsi) u1016 | ||
| 041 | _aeng | ||
| 100 | _aAtkinson, G. | ||
| 245 | _aCutting the cost Getting it right | ||
| 260 | _c1986 | ||
| 350 | _a0 | ||
| 490 |
_aBuilding _v251 (7465) 17 October 1986, 86-88 (3) |
||
| 520 | _aTwo articles on quality assurance in the building industry . G. Atkinson looks at some of the pioneer schemes which are currently being developed and attempts to clarify some common misconceptions about quality assurance. E. O`Neill looks at what is meant by quality assurance and how it can be achieved. | ||
| 690 | _aBUILT ENVIRONMENT | ||
| 700 | _aO`Neill, E. | ||
| 942 | _n0 | ||
| 948 | _c04/03/1997 | ||
| 999 |
_c564 _d564 |
||